Cancionero hispánico : lecturas poéticas para la enseñanza estética del idioma español

Saved in:
Bibliographic Details
Main Author: Michavila y Vila, Antonio
Format: Book
Language:Spanish
Published: Valencia : Vicor, 1949
Textbook Catalogue:MANES:  Library Catalog Search Result
Textbook Classification:
Tags: Add Tag
No Tags, Be the first to tag this record!
Added to:1999-11-29
Changed in:2025-05-07

MARC

LEADER 00000cam a2200000#i 4500
005 20250507134555.0
008 000000s1949 espa f 000 0 spa d
040 |a uned  |b spa  |c entro-manes 
100 1 |a Michavila y Vila, Antonio  |9 40802 
245 1 0 |a Cancionero hispánico :   |b lecturas poéticas para la enseñanza estética del idioma español /   |c por Antonio Michavila y Vila ; prólogo de José Rogerio Sánchez 
260 |a Valencia :   |b Vicor,   |c 1949 
300 |a 260 p. :   |b il. 
546 |a España 
561 |5 es-BUNED  |3 L.T. 2976  |a España. Fondo Manes UNED  |k MANES 
690 0 |a LEN  |9 42542 
942 |2 ddc  |c BK 
999 |c 97641  |d 97641 
999 |c manes:97641  |d 97641